Languages available to learn on Duolingo - Statistics

General Stats
  • This quiz has been taken 57 times
  • The average score is 29 of 40
Answer Stats
Number of Learners
(in millions)
Answer % Correct
26 French
100%
9.84 Chinese
98%
45.6 Spanish
98%
4.79 English
96%
17.4 German
96%
7.9 Arabic
95%
8.2 Russian
95%
2.23 Swedish
95%
11.2 Hindi
93%
21.5 Japanese
93%
2.34 Polish
93%
5.44 Portuguese
93%
12.2 Italian
91%
1.1 Finnish
88%
1 Danish
86%
2.62 Greek
86%
17.7 Korean
86%
1.69 Norwegian
86%
4.37 Turkish
84%
3.01 Dutch
82%
2.04 Irish
79%
1.02 Romanian
77%
2.84 Vietnamese
77%
1.42 Ukrainian
73%
1.24 Indonesian
71%
0.657 Hungarian
68%
0.902 Czech
66%
0.667 Swahili
61%
1.64 Hebrew
54%
2.12 Latin
54%
0.408 Klingon
52%
0.586 Scottish Gaelic
46%
0.732 Welsh
45%
0.839 Zulu
43%
0.388 Esperanto
39%
0.323 Navajo
38%
0.854 Hawaiian
32%
0.944 High Valyrian
32%
0.529 Haitian Creole
29%
0.323 Yiddish
27%
No matching quizzes found
Score Distribution
Percent of People with Each Score
Percentile by Number Answered
Your Score History
You have not taken this quiz